Vista normal
Vista MARC
Entrada Personal Name
Número de registros utilizados en: 2
001 - CONTROL NUMBER
- control field: 3610
003 - CONTROL NUMBER IDENTIFIER
- control field: DLC
005 - DATE AND TIME OF LATEST TRANSACTION
- control field: 20250910135506.0
008 - FIXED-LENGTH DATA ELEMENTS
- fixed length control field: 790702n| azannaabn |b aaa
010 ## - LIBRARY OF CONGRESS CONTROL NUMBER
- LC control number: n 79056034
024 7# - OTHER STANDARD IDENTIFIER
- Standard number or code: 0000000122779922
- Source of number or code: isni
035 ## - SYSTEM CONTROL NUMBER
- System control number: (OCoLC)oca00289141
040 ## - CATALOGING SOURCE
- Original cataloging agency: DLC
- Language of cataloging: spa
- Description conventions: rda
- Transcribing agency: Mx-PuUPA
- Modifying agency: OCoLC
- Modifying agency: InU
- Modifying agency: NjP
- Modifying agency: HU
- Modifying agency: DLC
- Modifying agency: NL-TiUL
- Modifying agency: OCoLC
- Modifying agency: Mx-PuUPA
046 ## - SPECIAL CODED DATES
- Birth date: 1908
- Death date: 1961
- Source of date scheme: edtf
053 #0 - LC CLASSIFICATION NUMBER
- Classification number element--single number or beginning number of span: B2430.M376
- Classification number element--ending number of span: B2430.M3764
100 1# - HEADING--PERSONAL NAME
- Personal name: Merleau-Ponty, Maurice,
- Dates associated with a name: 1908-1961
372 ## - FIELD OF ACTIVITY
- Field of activity: Filosofía
- Source of term: lcsh
374 ## - OCCUPATION
- Occupation: Profesor de filosofía
- Occupation: Filósofo
- Occupation: Autor
- Source of term: lcsh
375 ## - GENDER
- Gender: hombre
377 ## - ASSOCIATED LANGUAGE
- Language code: fre
400 1# - SEE FROM TRACING--PERSONAL NAME
- Personal name: Merleau-Ponty, Jean Jacques Maurice,
- Dates associated with a name: 1908-1961
400 1# - SEE FROM TRACING--PERSONAL NAME
- Personal name: Merlō-Ponty, Mōris,
- Dates associated with a name: 1908-1961
400 1# - SEE FROM TRACING--PERSONAL NAME
- Personal name: Ponty, Jean Jacques Maurice Merleau-,
- Dates associated with a name: 1908-1961
400 1# - SEE FROM TRACING--PERSONAL NAME
- Personal name: Ponty, Maurice Merleau-,
- Dates associated with a name: 1908-1961
400 1# - SEE FROM TRACING--PERSONAL NAME
- Personal name: מרלו־פונטי, מוריס,
- Dates associated with a name: 1908-1961
670 ## - SOURCE DATA FOUND
- Source citation: La structure de comportement, 1942:
- Information found: t.p. (Maurice Merleau-Ponty)
670 ## - SOURCE DATA FOUND
- Source citation: Enkōmio tēs philosophias kai alla dokimia, Aprilios 2005:
- Information found: title page (Mōris Merlō-Ponty) cover flap (1908-1961; professor of philosophy at Sorbonne, 1949-1952, and at the Collège de France, 1952-1961)